Noncommutative geometry / (Record no. 29604)

000 -LEADER
fixed length control field 00530 a2200169 4500
020 ## - INTERNATIONAL STANDARD BOOK NUMBER
International Standard Book Number 012185860X
020 ## - INTERNATIONAL STANDARD BOOK NUMBER
International Standard Book Number 9780121858605
082 ## - DEWEY DECIMAL CLASSIFICATION NUMBER
Classification number 516.35
090 ## - LOCALLY ASSIGNED LC-TYPE CALL NUMBER (OCLC); LOCAL CALL NUMBER (RLIN)
-- 985
-- 985
100 1# - MAIN ENTRY--PERSONAL NAME
Personal name Connes, Alain.
245 10 - TITLE STATEMENT
Title Noncommutative geometry /
Statement of responsibility, etc. Alain Connes.
260 ## - PUBLICATION, DISTRIBUTION, ETC.
Place of publication, distribution, etc. [S.l.] :
Name of publisher, distributor, etc. Academic Press,
Date of publication, distribution, etc. 1994.
300 ## - PHYSICAL DESCRIPTION
Extent 661 p. ;
Dimensions 26 cm.
700 ## - ADDED ENTRY--PERSONAL NAME
Personal name Connes, Alain.
942 ## - ADDED ENTRY ELEMENTS (KOHA)
Institution code [OBSOLETE] SNS
Koha item type Book
Call number prefix 516.35 CON
Holdings
Withdrawn status Lost status Damaged status Not for loan Permanent Location Current Location Date acquired Total Checkouts Total Renewals Full call number Barcode Date last seen Date last checked out Price effective from Koha item type
        School of Natural Sciences (SNS) School of Natural Sciences (SNS) 05/26/2016 1 2 516.35 CON SNS0001162 07/31/2024 09/12/2023 05/26/2016 Book
© 2023 Central Library, National University of Sciences and Technology. All Rights Reserved.